| 000 | 01162nam0a22002771 4500 | ||
|---|---|---|---|
| 001 | rc\428913 | ||
| 005 | 20250621082529.0 | ||
| 035 | _a(NLR Aleph) 005675747 | ||
| 090 |
_a7021937 _c7021937 |
||
| 100 | _a20030616d1988 |||y0rusy50 ca | ||
| 101 | 0 | _arus | |
| 102 | _aRU | ||
| 105 | _ay ||||||||| | ||
| 200 | 1 |
_aСхема сплайн-коллокации для численного решения одноканальной задачи рассеяния _fТ. Жанлав, И.В. Пузынин, А.В. Ракитский |
|
| 210 |
_aДубна _cОИЯИ _d1988 |
||
| 215 |
_a12 с. _d21 |
||
| 225 | 1 |
_aСообщения Объединенного института ядерных исследований _vР11-88-823 |
|
| 320 | _aБиблиогр.: с. 12 (13 назв.) | ||
| 700 | 1 |
_4070 _7ca _8rus _aЖанлав _bТ. _f1943- _gТугалын _9251094 _3RU\NLR\AUTH\770251150 |
|
| 701 | 1 |
_aПузынин _bИ.В. _gИгорь Васильевич |
|
| 701 | 1 |
_aРакитский _bА.В. _gАлександр Владимирович |
|
| 801 | 0 |
_aRU _bNLR _gpsbo |
|
| 801 | 1 |
_aRU _bELAR _2rusmarc |
|
| 852 |
_aNLR _j88-6/6262 |
||
| 942 | _cBOOK | ||
| 980 | _aNB | ||